[Event "36th National Sub Junior 2019"]
[Site "Tiruchengode"]
[Date "2019.07.15"]
[Round "9.1"]
[White "Mrudul Dehankar"]
[Black "Divya Deshmukh"]
[Result "1/2-1/2"]
[WhiteElo "2074"]
[BlackElo "2373"]
[Annotator "TA"]
[PlyCount "61"]
[EventDate "2019.07.09"]
[EventCountry "IND"]
[SourceTitle "playchess.com"]
[Source "ChessBase"]
[SourceQuality "1"]

{[%evp 18,61,24,7,7,0,4,0,0,0,0,-1,28,0,85,58,95,99,92,107,104,81,95,63,56,52,83,35,70,45,55,46,54,54,55,0,52,0,57,28,38,37,42,0,60,-35]} 1. e4 c5 2. Nf3 e6 3. d4 cxd4 4. Nxd4 a6 5. Bd3 Qc7 6. O-O Nc6 7. Nxc6 bxc6 8. Nc3 Nf6 9. f4 d5 10. Qe2 Be7 {B46: Sicilian: Taimanov: 5 Nc3 a6} 11. b3 O-O 12. Bd2 a5 $146 {The position is equal.} ({Predecessor:} 12... Re8 13. Kh1 Bb7 14. Rae1 Bf8 15. e5 Nd7 16. Rf3 g6 17. h4 c5 18. Rg3 {1-0 (43) Delgado Ramirez,N (2613)-Cori Quispe,K (2390) Medellin 2017}) 13. Rae1 Ba6 14. Kh1 Qc8 15. Rf3 Rd8 {[#]} (15... Bxd3 $11 {remains equal.} 16. cxd3 dxe4 17. dxe4 Bb4) 16. e5 $1 $36 {[%cal Re5f6][%mdl 2048] White fights for an advantage.} Bxd3 17. cxd3 Ne8 18. Na4 {aiming for Nb6.} Ra6 19. Rc1 g6 20. Be3 d4 21. Bd2 Rd5 22. Rff1 Nc7 23. Qe1 Qa8 24. Rc4 Ba3 25. Bc1 Bb4 26. Bd2 Ba3 $1 27. Bc1 Bb4 $1 {[%cal Rb4e1]} 28. Qe4 Nb5 29. Bb2 Qd8 30. Rfc1 Qd7 (30... Nc3 $11 31. Bxc3 dxc3) 31. a3 {Accuracy: White = 36%, Black = 56%.} (31. Qe2 $14) 1/2-1/2

[Event "36th National Sub Junior 2019"]
[Site "Tiruchengode"]
[Date "2019.07.15"]
[Round "9.2"]
[White "Poorna Sri M.K"]
[Black "Jyothsna L"]
[Result "0-1"]
[WhiteElo "1681"]
[BlackElo "1939"]
[Annotator "NA RC"]
[PlyCount "76"]
[EventDate "2019.07.09"]
[EventCountry "IND"]
[SourceTitle "playchess.com"]
[Source "ChessBase"]
[SourceQuality "1"]
[TimeControl "5400+30"]

1. e4 {[%emt 0:00:00]} e6 {[%emt 0:00:59]} 2. d4 {[%emt 0:00:03]} d5 {[%emt 0:00:01]} 3. Nc3 {[%emt 0:00:10]} h6 {[%emt 0:00:09]} 4. exd5 {[%emt 0:05:23]} exd5 {[%emt 0:00:33]} 5. Bd3 {[%emt 0:00:28]} Nc6 {[%emt 0:09:23]} 6. Be3 {[%emt 0:08:44]} a6 {[%emt 0:22:15]} 7. a3 {[%emt 0:07:43]} Nf6 {[%emt 0:10:50]} 8. h3 {[%emt 0:08:08]} Bd6 {[%emt 0:05:30]} 9. Nf3 {[%emt 0:07:03]} O-O {[%emt 0:07:15]} 10. O-O {[%emt 0:02:27]} Ne7 {[%emt 0:07:47]} 11. Ne2 $11 {[%emt 0:07:46]} Ng6 {[%emt 0:03:53]} 12. c4 {[%emt 0:11:57]} dxc4 {[%emt 0:02:17]} 13. Bxc4 {[%emt 0:00:33]} b5 {[%emt 0:00:23]} 14. Bd3 {[%emt 0:06:17]} Bb7 {[%emt 0:00:39]} 15. Bxg6 {[%emt 0:03:10]} Bxf3 {[%emt 0:04:50]} 16. Bc2 {[%emt 0:03:52]} Bb7 {[%emt 0:01:16]} 17. Nf4 {[%emt 0:01:50]} Qd7 {[%emt 0:07:49]} 18. f3 {[%emt 0:06:13]} Rfe8 {[%emt 0:03:00]} 19. Qd3 {[%emt 0:01:42]} Rad8 {[%emt 0:04:51]} 20. Nh5 {[%emt 0:08:35]} Nxh5 {[%emt 0:02:22]} 21. Qh7+ {[%emt 0:00:05]} Kf8 {[%emt 0:00:02]} 22. Bxh6 {[%emt 0:02:27]} Bh2+ {[%emt 0:02:22]} 23. Kh1 {[%emt 0:00:41]} Ng3+ {[%emt 0:00:51]} 24. Kxh2 {[%emt 0:00:05]} Nxf1+ {[%emt 0:00:08]} 25. Kh1 {[%emt 0:01:25]} Ng3+ {[%emt 0:00:38]} 26. Kh2 {[%emt 0:00:06]} Nf1+ {[%emt 0:00:27]} 27. Kh1 {[%emt 0:00:05]} Ng3+ {[%emt 0:01:41]} 28. Kh2 {[%emt 0:00:10]} Qxd4 {[%emt 0:00:42]} 29. Rd1 {[%emt 0:05:53]} Qf6 {[%emt 0:00:23]} 30. Be3 {[%emt 0:01:14]} Rxd1 {[%emt 0:00:26]} 31. Bc5+ {[%emt 0:00:32]} Rd6 {[%emt 0:00:15]} 32. Qh8+ {[%emt 0:00:39]} Ke7 {[%emt 0:00:08]} 33. Qh7 {[%emt 0:00:15]} Kd8 {[%emt 0:01:14]} 34. Bxd6 {[%emt 0:00:20]} Qxd6 {[%emt 0:00:10]} 35. Qh4+ {[%emt 0:00:10]} f6 {[%emt 0:00:14]} 36. Qxg3 {[%emt 0:00:31]} Qxg3+ {[%emt 0:00:02]} 37. Kxg3 {[%emt 0:00:05]} Re2 {[%emt 0:00:10]} 38. Bf5 {[%emt 0:00:28]} Rxb2 {[%emt 0:00:03]} 0-1

[Event "36th National Sub Junior 2019"]
[Site "Tiruchengode"]
[Date "2019.07.15"]
[Round "9.3"]
[White "Divyabharathi Masanam"]
[Black "Jain Nityata"]
[Result "1/2-1/2"]
[WhiteElo "1730"]
[BlackElo "2135"]
[Annotator "TA"]
[PlyCount "79"]
[EventDate "2019.07.09"]
[EventCountry "IND"]
[SourceTitle "playchess.com"]
[Source "ChessBase"]
[SourceQuality "1"]

{[%evp 14,79,-42,-55,-36,-41,-46,-41,0,0,10,14,14,20,26,-10,90,98,103,100,113,91,99,81,139,148,133,130,149,80,86,81,115,107,178,0,0,0,0,0,0,0,0,0,0,0,0,0,0,0,0,0,0,0,0,0,0,0,0,0,0,0,0,0,0,0,0,0]} 1. e4 e5 2. Nf3 Nf6 3. Nc3 Nc6 4. Bc4 Nxe4 5. Nxe4 d5 6. Bxd5 Qxd5 7. Nc3 Qd8 8. h3 Bd6 {C55: Two Knights: 4 d3, 4 d4 exd4 5 e5 and Max Lange Attack} (8... f5 9. d3 Be7 10. Qe2 Bf6 11. Be3 O-O 12. Bc5 Re8 13. O-O b6 14. Be3 Ba6 15. Qd1 e4 16. Nd2 Bxc3 17. bxc3 {0-1 (50) Dehmelt,K (2278)-Francisco,R (2281) ICC INT 2014}) 9. d4 $146 ({Predecessor:} 9. d3 O-O 10. Be3 Bd7 11. Qd2 Ne7 12. O-O-O Nf5 13. g4 Nxe3 14. fxe3 Bc6 15. e4 Qe7 16. Qh2 {0-1 (41) Jaber,A (1850)-Hanif,M (1739) Dhaka 2018}) 9... exd4 10. Nxd4 Nxd4 {Black is slightly better.} 11. Qxd4 Bf5 12. Be3 O-O 13. O-O-O Qd7 14. Bf4 {[%cal Rf4d6] [#]} Rfd8 (14... Bxc2 $1 $11 {[%mdl 512] remains equal.} 15. Kxc2 Qf5+ {[%mdl 64] Double Attack} 16. Qe4 Qxf4 17. Qxf4 Bxf4) 15. Bxd6 $16 cxd6 16. f4 {Threatens to win with g4.} f6 17. Rhe1 Bg6 18. Re2 Rac8 ({Better is} 18... Bf7) 19. Qxa7 Rc4 20. Rd4 Rdc8 21. Rxc4 (21. g4 $142) 21... Rxc4 22. Rd2 Rxf4 23. Qb8+ Kf7 {[#]} (23... Be8 $16 {keeps fighting.}) 24. Rxd6 $2 (24. b3 $1 $18) 24... Qe7 $11 {Strongly threatening ...Rf2!The position is equal.} 25. Nd1 Rf1 26. Qd8 Qxd8 27. Rxd8 {[%mdl 4096] Endgame KRB-KRN} Be4 28. Kd2 Bxg2 29. Ne3 Rg1 $1 30. Nxg2 Rxg2+ {KR-KR} 31. Kc3 Rg3+ 32. Rd3 Rxd3+ 33. Kxd3 {KP-KP} g5 34. a4 Ke6 35. b4 f5 36. c4 g4 37. hxg4 fxg4 38. Ke3 Kd6 39. Kf4 h5 40. a5 {Accuracy: White = 62%, Black = 43%.} 1/2-1/2

[Event "36th National Sub Junior 2019"]
[Site "Tiruchengode"]
[Date "2019.07.15"]
[Round "9.4"]
[White "Bristy Mukherjee"]
[Black "Arushi Kotwal"]
[Result "1-0"]
[WhiteElo "1862"]
[BlackElo "1744"]
[Annotator "NA RC"]
[PlyCount "113"]
[EventDate "2019.07.09"]
[EventCountry "IND"]
[SourceTitle "playchess.com"]
[Source "ChessBase"]
[SourceQuality "1"]
[TimeControl "5400+30"]

1. e4 {[%emt 0:00:00]} e6 {[%emt 0:00:00]} 2. d3 {[%emt 0:00:00]} d5 {[%emt 0:00:00]} 3. Nd2 {[%emt 0:00:00]} Nf6 {[%emt 0:00:00]} 4. Ngf3 {[%emt 0:00:04]} dxe4 {[%emt 0:01:35]} 5. dxe4 {[%emt 0:00:09]} Nc6 {[%emt 0:00:07]} 6. c3 {[%emt 0:03:32]} Bc5 {[%emt 0:03:25]} 7. h3 {[%emt 0:05:36]} a6 {[%emt 0:01:44]} (7... e5 $11 {keeps the balance.}) 8. Qc2 {[%emt 0:01:05]} h6 {[%emt 0:04:11]} 9. e5 {[%emt 0:06:53]} Nd5 {[%emt 0:03:49]} 10. Ne4 {[%emt 0:05:58]} Bb6 {[%emt 0:08:02]} 11. Ng3 {[%emt 0:08:31]} Nde7 {[%emt 0:11:19] [#]} ({Black should try} 11... O-O $14) 12. Nh5 $1 {[%emt 0:08:43]} Qd5 {[%emt 0:09:58]} 13. Bf4 {[%emt 0:11:50]} Kf8 {[%emt 0:03:01]} 14. Bd3 $18 {[%emt 0:04:40]} Bd7 {[%emt 0:10:58]} 15. Be4 {[%emt 0:02:07]} Qa5 {[%emt 0:10:07]} 16. b4 {[%emt 0:01:23]} Nxb4 {[%emt 0:01:16]} 17. cxb4 {[%emt 0:00:11]} Qxb4+ {[%emt 0:00:02]} 18. Bd2 {[%emt 0:00:43]} Qa3 {[%emt 0:01:48]} 19. Rb1 {[%emt 0:05:04]} Ba4 {[%emt 0:02:05]} 20. Qc4 {[%emt 0:03:16]} Bb5 {[%emt 0:02:18]} 21. Qb3 {[%emt 0:04:22]} Qc5 {[%emt 0:00:50]} 22. Nf4 {[%emt 0:15:43]} Qxf2+ {[%emt 0:01:01]} 23. Kd1 {[%emt 0:00:01]} Rd8 {[%emt 0:04:13]} 24. a4 {[%emt 0:02:39]} Be3 {[%emt 0:10:22]} 25. Rb2 {[%emt 0:05:10]} Bf1 {[%emt 0:02:07]} 26. Kc1 {[%emt 0:02:37]} Bxd2+ {[%emt 0:06:18]} 27. Rxd2 {[%emt 0:01:40]} Rxd2 {[%emt 0:00:23]} 28. Nxd2 {[%emt 0:00:01]} Qxf4 {[%emt 0:01:53]} 29. Rxf1 {[%emt 0:00:01]} Qxe5 {[%emt 0:00:05]} 30. Bxb7 {[%emt 0:01:14]} Nd5 {[%emt 0:01:17]} 31. Bxd5 {[%emt 0:00:31]} exd5 {[%emt 0:00:30]} 32. Qb8+ {[%emt 0:00:59]} Qe8 {[%emt 0:00:11]} 33. Qxc7 {[%emt 0:00:39]} Kg8 {[%emt 0:00:35]} 34. a5 {[%emt 0:00:41]} f6 {[%emt 0:00:47]} 35. Rf3 {[%emt 0:00:30]} Qe1+ {[%emt 0:00:26]} 36. Kc2 {[%emt 0:00:02]} Qe6 {[%emt 0:00:22]} 37. Rg3 {[%emt 0:00:22]} Qf5+ {[%emt 0:00:14]} 38. Kd1 {[%emt 0:00:08]} Qh5+ {[%emt 0:00:21]} 39. Kc1 {[%emt 0:00:17]} Qf7 {[%emt 0:00:15]} 40. Rc3 {[%emt 0:01:39]} h5 {[%emt 0:01:01]} 41. Qxf7+ {[%emt 0:00:43]} Kxf7 {[%emt 0:00:05]} 42. Rc6 {[%emt 0:00:04]} Ra8 {[%emt 0:00:24]} 43. Nb3 {[%emt 0:00:13]} Rb8 {[%emt 0:00:15]} 44. Kc2 {[%emt 0:00:30]} Ra8 {[%emt 0:00:29]} 45. Nc5 {[%emt 0:00:20]} Ke7 {[%emt 0:00:41]} 46. Kc3 {[%emt 0:00:21]} g5 {[%emt 0:00:42]} 47. Rxa6 {[%emt 0:01:21]} Rc8 {[%emt 0:00:43]} 48. Kd4 {[%emt 0:00:09]} f5 {[%emt 0:00:08]} 49. Rh6 {[%emt 0:00:17]} h4 {[%emt 0:00:21]} 50. a6 {[%emt 0:00:07]} g4 {[%emt 0:00:23]} 51. a7 {[%emt 0:00:15]} Ra8 {[%emt 0:00:19]} 52. hxg4 {[%emt 0:00:41]} fxg4 {[%emt 0:00:09]} 53. Rxh4 {[%emt 0:00:08]} g3 {[%emt 0:00:33]} 54. Rh6 {[%emt 0:00:50]} Rxa7 {[%emt 0:00:34]} 55. Rh7+ {[%emt 0:00:07]} Kd6 {[%emt 0:00:03]} 56. Rxa7 {[%emt 0:00:07]} Kc6 {[%emt 0:00:09]} 57. Rg7 {[%emt 0:00:06]} 1-0

[Event "36th National Sub Junior 2019"]
[Site "Tiruchengode"]
[Date "2019.07.15"]
[Round "9.5"]
[White "Nayanikaa Muralidharan"]
[Black "Varsha Ramesh"]
[Result "1-0"]
[WhiteElo "1475"]
[BlackElo "1814"]
[Annotator "NA RC"]
[PlyCount "97"]
[EventDate "2019.07.09"]
[EventCountry "IND"]
[SourceTitle "playchess.com"]
[Source "ChessBase"]
[SourceQuality "1"]
[TimeControl "5400+30"]

1. d4 {[%emt 0:01:10]} Nf6 {[%emt 0:00:00]} 2. c4 {[%emt 0:00:12]} e6 {[%emt 0:00:00]} 3. Nc3 {[%emt 0:00:10]} Bb4 {[%emt 0:00:00]} 4. e3 {[%emt 0:01:17]} O-O {[%emt 0:00:16]} 5. Bd3 {[%emt 0:00:05]} d5 {[%emt 0:00:11]} 6. Nf3 {[%emt 0:00:38]} c5 {[%emt 0:00:46]} 7. O-O {[%emt 0:00:18]} Nc6 {[%emt 0:01:50]} 8. a3 {[%emt 0:00:26]} Bxc3 {[%emt 0:00:14]} 9. bxc3 {[%emt 0:00:16]} Qe7 {[%emt 0:06:47]} 10. a4 {[%emt 0:01:59]} Rd8 {[%emt 0:02:24]} 11. Ba3 {[%emt 0:03:10]} dxc4 {[%emt 0:14:07]} (11... b6 $11 {remains equal.}) 12. Bxc4 {[%emt 0:12:35]} (12. Bxc5 $14 Qc7 13. Bxc4 $14 b6 14. Ba3) 12... Qc7 {[%emt 0:00:23]} (12... b6 $11) 13. Qe2 {[%emt 0:00:59]} Na5 {[%emt 0:17:16]} 14. Ba2 {[%emt 0:07:55]} b6 {[%emt 0:11:04]} 15. Ne5 {[%emt 0:06:13]} Bb7 {[%emt 0:04:55]} 16. Rac1 $11 {[%emt 0:04:21]} Nc6 {[%emt 0:01:46]} 17. f4 {[%emt 0:09:48]} Ne7 {[%emt 0:01:13]} 18. Bb1 {[%emt 0:08:00]} Be4 {[%emt 0:04:30]} 19. Bxe4 {[%emt 0:01:27]} Nxe4 {[%emt 0:00:02]} 20. g4 {[%emt 0:09:04]} Nc6 {[%emt 0:04:28]} 21. Qg2 {[%emt 0:05:49]} f5 {[%emt 0:05:15]} 22. gxf5 {[%emt 0:01:18]} exf5 {[%emt 0:00:03]} 23. Qa2+ {[%emt 0:00:07]} Kf8 {[%emt 0:00:51]} 24. Qe6 {[%emt 0:01:56]} Nxe5 {[%emt 0:01:51]} 25. Qxf5+ {[%emt 0:00:26]} Qf7 {[%emt 0:00:56]} 26. fxe5 {[%emt 0:00:18]} Qxf5 {[%emt 0:00:20]} 27. Rxf5+ {[%emt 0:00:05]} Ke7 {[%emt 0:00:08]} 28. c4 {[%emt 0:01:37]} Rf8 {[%emt 0:00:12]} 29. Rcf1 {[%emt 0:01:25]} Nd2 {[%emt 0:00:48]} 30. Rxf8 {[%emt 0:00:05]} Rxf8 {[%emt 0:00:06]} 31. Rxf8 {[%emt 0:00:03]} Kxf8 {[%emt 0:00:02]} 32. dxc5 {[%emt 0:00:07]} bxc5 {[%emt 0:00:35]} 33. Bxc5+ {[%emt 0:00:03]} Ke8 {[%emt 0:00:15]} 34. Bxa7 {[%emt 0:00:14]} Nxc4 {[%emt 0:00:08]} 35. Bd4 {[%emt 0:00:04]} Kd7 {[%emt 0:00:32]} 36. Kf2 {[%emt 0:00:08]} Kc6 {[%emt 0:01:26]} 37. Ke2 {[%emt 0:00:35]} g5 {[%emt 0:00:30]} 38. Kd3 {[%emt 0:00:21]} Na5 {[%emt 0:00:06]} 39. Ke4 {[%emt 0:00:08]} h5 {[%emt 0:00:53]} 40. Kf5 {[%emt 0:00:04]} g4 {[%emt 0:00:06]} 41. Kg5 {[%emt 0:00:03]} Nc4 {[%emt 0:00:18]} 42. Kxh5 {[%emt 0:00:06]} Kd5 {[%emt 0:00:34]} 43. Kxg4 {[%emt 0:00:06]} Nd2 {[%emt 0:00:14]} 44. h4 {[%emt 0:00:20]} Ne4 {[%emt 0:00:16]} 45. h5 {[%emt 0:00:03]} Nf2+ {[%emt 0:00:05]} 46. Kg5 {[%emt 0:00:04]} Ne4+ {[%emt 0:00:05]} 47. Kg6 {[%emt 0:00:04]} Ng3 {[%emt 0:00:26]} 48. h6 {[%emt 0:00:05]} Nf5 {[%emt 0:00:08]} 49. Kxf5 {[%emt 0:00:09]} 1-0

[Event "36th National Sub Junior 2019"]
[Site "Tiruchengode"]
[Date "2019.07.16"]
[Round "10.1"]
[White "Divya Deshmukh"]
[Black "Nayanikaa Muralidharan"]
[Result "1-0"]
[WhiteElo "2373"]
[BlackElo "1475"]
[Annotator "TA"]
[PlyCount "99"]
[EventDate "2019.07.09"]
[EventCountry "IND"]
[SourceTitle "playchess.com"]
[Source "ChessBase"]
[SourceQuality "1"]

{[%evp 17,99,-22,-22,-13,16,-2,19,17,28,27,76,58,74,0,49,0,30,58,55,-20,56,48,23,24,124,124,109,115,191,196,193,188,182,181,231,230,238,243,239,257,245,225,218,220,273,272,268,198,199,184,193,156,237,237,860,851,828,828,745,709,6335,6335,6332,6315,6275,6186,29976,29978,29979,29980,29981,29982,29984,29985,29986,29986,29987,29987,29990,29991,29992,29993,29993,29994]} 1. d4 Nf6 2. Bg5 e6 3. e4 h6 4. Bxf6 Qxf6 5. Nc3 d6 6. Nf3 g6 7. Qd2 Bg7 8. O-O-O O-O 9. e5 Qe7 10. h4 {A46: 1 d4 Nf6 2 Nf3 e6: Torre, London and Colle Systems} (10. Ne4 Rd8 11. Bd3 Nd7 12. h4 d5 13. Ng3 c5 14. c3 b5 15. dxc5 Qxc5 16. Kb1 Rb8 17. Rc1 b4 {0-1 (35) Popovic,M (2396)-Kovacevic,A (2561) Sombor 2009}) 10... Nc6 {[%cal Rd6e5]} 11. Qe3 $146 ({Predecessor:} 11. Ne4 dxe5 12. Nxe5 Nxe5 13. dxe5 Bxe5 14. Qxh6 Qb4 15. Nc3 Bf4+ {0-1 (15) Dubleumortier,A (1999)-Roux,T (2073) France AJEC 2002}) 11... a5 12. a3 {The position is equal.} b6 13. Bd3 Ba6 14. Bxa6 Rxa6 15. a4 (15. exd6 $16 Qxd6 16. d5 exd5 17. Nxd5) 15... Rb8 16. Rh3 Nb4 17. h5 g5 18. Nh2 ({Better is} 18. Rg3 $14) 18... Nd5 (18... c5 $11 19. f4 cxd4 20. Rxd4 dxe5 21. fxe5 Raa8) 19. Nxd5 $14 exd5 20. Ng4 b5 (20... dxe5 $11 {keeps the balance.} 21. dxe5 b5) 21. axb5 $16 Rxb5 22. exd6 $1 Qxe3+ (22... Qd7 $16) 23. Rxe3 $18 Rxd6 24. Re8+ $1 Kh7 25. Re7 c5 26. Rxf7 {Black must now prevent Re1.} Kg8 {[#]} 27. Rc7 $1 {Re1 is the strong threat.} cxd4 {[#]} 28. Re1 $1 {[%cal Re1e8]} Rb8 29. Ree7 Bf8 30. Rf7 {Strongly threatening Nf6+.} Rc8 31. Rxc8 {[%csl Gf7][%cal Rc8f8]} Kxf7 {[%mdl 4096] Endgame KRB-KRN} 32. Ne5+ Kf6 33. Nc6 ({But not} 33. Rxf8+ $6 Kxe5 34. Kd2 g4 $16) 33... Bg7 34. Nxd4 g4 (34... Ke5 $16 {was called for.}) 35. Ra8 Kg5 $2 (35... a4 36. Ra7 (36. Rxa4 Kg5 $18) 36... Bh8) 36. Rg8 Rd7 {[#]} 37. Rxg7+ $1 {[%mdl 576] Decoy} Rxg7 {KR-KN} 38. Ne6+ {[%mdl 64] Double Attack} Kf6 39. Nxg7 Kxg7 {KP-KP} 40. Kd2 Kf6 41. Kd3 Ke5 42. b3 {White mates.} d4 43. f3 gxf3 44. gxf3 Kf4 45. Kxd4 Kxf3 46. c4 Kg4 47. c5 Kxh5 48. c6 Kg4 49. c7 h5 50. c8=Q+ {Accuracy: White = 68%, Black = 25%.} 1-0

[Event "36th National Sub Junior 2019"]
[Site "Tiruchengode"]
[Date "2019.07.16"]
[Round "10.2"]
[White "Mrudul Dehankar"]
[Black "Bristy Mukherjee"]
[Result "1/2-1/2"]
[WhiteElo "2074"]
[BlackElo "1862"]
[Annotator "NA RC"]
[PlyCount "130"]
[EventDate "2019.07.09"]
[EventCountry "IND"]
[SourceTitle "playchess.com"]
[Source "ChessBase"]
[SourceQuality "1"]
[TimeControl "5400+30"]

1. e4 {[%emt 0:00:00]} d6 {[%emt 0:02:12]} 2. d4 {[%emt 0:00:00]} Nf6 {[%emt 0:00:07]} 3. Nc3 {[%emt 0:00:00]} g6 {[%emt 0:00:07]} 4. f4 {[%emt 0:00:16]} Bg7 {[%emt 0:00:19]} 5. Nf3 {[%emt 0:00:14]} O-O {[%emt 0:01:30]} 6. Bd3 {[%emt 0:00:29]} Na6 {[%emt 0:01:10]} 7. O-O {[%emt 0:00:53]} c5 {[%emt 0:00:19]} 8. d5 {[%emt 0:00:38]} Bg4 {[%emt 0:01:21]} 9. Be3 {[%emt 0:08:57]} Nc7 {[%emt 0:13:33]} 10. a4 {[%emt 0:03:59]} e6 {[%emt 0:11:28]} 11. dxe6 {[%emt 0:21:01]} fxe6 {[%emt 0:08:56]} 12. h3 {[%emt 0:04:39]} Bxf3 {[%emt 0:02:24]} 13. Qxf3 {[%emt 0:05:53]} b6 {[%emt 0:01:38]} 14. Bc4 {[%emt 0:05:41]} Kh8 {[%emt 0:05:45]} 15. Rad1 {[%emt 0:13:05]} Qe7 {[%emt 0:03:02]} 16. Nb5 {[%emt 0:10:46]} Nxb5 {[%emt 0:04:49]} 17. axb5 {[%emt 0:01:53]} Rad8 {[%emt 0:04:37]} 18. Rfe1 {[%emt 0:06:08]} Nh5 {[%emt 0:03:06]} 19. Qg4 {[%emt 0:01:48]} Bxb2 {[%emt 0:03:02]} 20. f5 {[%emt 0:03:21]} exf5 {[%emt 0:02:27]} 21. exf5 {[%emt 0:01:05]} Qg7 {[%emt 0:05:43]} 22. Bd3 {[%emt 0:03:47]} Rg8 {[%emt 0:11:40]} 23. fxg6 {[%emt 0:02:12]} hxg6 {[%emt 0:00:31]} 24. Bg5 {[%emt 0:01:13]} Rde8 {[%emt 0:02:17]} 25. Bc4 {[%emt 0:02:07]} Rgf8 {[%emt 0:01:48]} 26. Kh1 {[%emt 0:01:36]} Rxe1+ {[%emt 0:06:03]} 27. Rxe1 {[%emt 0:00:02]} Be5 {[%emt 0:00:11]} 28. Bd3 {[%emt 0:01:20]} Ng3+ {[%emt 0:00:51]} 29. Kg1 {[%emt 0:00:12]} Bd4+ {[%emt 0:01:04]} 30. Kh2 {[%emt 0:00:43]} Nf5 {[%emt 0:01:29]} 31. Bf4 {[%emt 0:00:52]} Be5 {[%emt 0:00:57]} 32. Bxe5 {[%emt 0:00:30]} dxe5 {[%emt 0:00:08]} 33. Bxf5 {[%emt 0:00:19]} Rxf5 {[%emt 0:00:48]} 34. Rd1 {[%emt 0:00:22]} Rf8 {[%emt 0:01:05]} 35. Rd6 {[%emt 0:00:49]} Rg8 {[%emt 0:00:31]} 36. Qh4+ {[%emt 0:00:31]} Qh7 {[%emt 0:00:01]} 37. Qf6+ {[%emt 0:00:13]} Qg7 {[%emt 0:00:01]} 38. Qe6 {[%emt 0:00:19]} Rf8 {[%emt 0:01:02]} 39. Rd7 {[%emt 0:01:01]} Qf6 {[%emt 0:00:02]} 40. Qxf6+ {[%emt 0:00:27]} Rxf6 {[%emt 0:00:01]} 41. Kg3 {[%emt 0:00:30]} Rf4 {[%emt 0:00:32]} 42. Rxa7 {[%emt 0:00:33]} Rb4 {[%emt 0:00:28]} 43. Rb7 {[%emt 0:00:29]} Rxb5 {[%emt 0:00:06]} 44. Kg4 {[%emt 0:00:06]} Rb2 {[%emt 0:00:35]} 45. Kg5 {[%emt 0:00:51]} Rxc2 {[%emt 0:00:17]} 46. g4 {[%emt 0:00:11]} Rd2 {[%emt 0:00:28]} 47. Rxb6 {[%emt 0:00:23]} Rd8 {[%emt 0:02:26]} 48. Kxg6 {[%emt 0:00:34]} Rc8 {[%emt 0:00:18]} 49. Kf5 {[%emt 0:00:53]} c4 {[%emt 0:00:05]} 50. Rb2 {[%emt 0:00:32]} c3 {[%emt 0:00:13]} 51. Rc2 {[%emt 0:00:02]} Rc5 {[%emt 0:00:04]} 52. Ke4 {[%emt 0:00:34]} Kg7 {[%emt 0:00:07]} 53. Kd3 {[%emt 0:00:28]} Rd5+ {[%emt 0:01:26]} 54. Kxc3 {[%emt 0:00:49]} Kg6 {[%emt 0:00:22]} 55. Rd2 {[%emt 0:00:31]} Ra5 {[%emt 0:00:50]} 56. Kc4 {[%emt 0:00:38]} Kg5 {[%emt 0:00:41]} 57. Rf2 {[%emt 0:00:27]} Ra3 {[%emt 0:00:50]} 58. Rf5+ {[%emt 0:00:20]} Kg6 {[%emt 0:00:27]} 59. Kd5 {[%emt 0:00:44]} Rxh3 {[%emt 0:00:22]} 60. Kxe5 {[%emt 0:00:10]} Rb3 {[%emt 0:00:40]} 61. Kf4 {[%emt 0:00:30]} Rb1 {[%emt 0:00:15]} 62. Ra5 {[%emt 0:00:16]} Rf1+ {[%emt 0:00:23]} 63. Kg3 {[%emt 0:00:07]} Rg1+ {[%emt 0:00:05]} 64. Kf3 {[%emt 0:00:08]} Rf1+ {[%emt 0:00:16]} 65. Kg2 {[%emt 0:00:06]} Rb1 {[%emt 0:00:08]} 1/2-1/2

[Event "36th National Sub Junior 2019"]
[Site "Tiruchengode"]
[Date "2019.07.16"]
[Round "10.3"]
[White "Jyothsna L"]
[Black "Bhagyashree Patil"]
[Result "1-0"]
[WhiteElo "1939"]
[BlackElo "1703"]
[Annotator "NA RC"]
[PlyCount "71"]
[EventDate "2019.07.09"]
[EventCountry "IND"]
[SourceTitle "playchess.com"]
[Source "ChessBase"]
[SourceQuality "1"]
[TimeControl "5400+30"]

1. d4 {[%emt 0:01:12]} d5 {[%emt 0:00:00]} 2. c4 {[%emt 0:00:02]} c6 {[%emt 0:00:00]} 3. Nc3 {[%emt 0:00:12]} Nf6 {[%emt 0:00:20]} 4. Nf3 {[%emt 0:00:06]} dxc4 {[%emt 0:00:18]} 5. a4 {[%emt 0:03:14]} Bf5 {[%emt 0:00:09]} 6. e3 {[%emt 0:02:18]} e6 {[%emt 0:01:06]} 7. Bxc4 {[%emt 0:00:45]} Bb4 {[%emt 0:00:19]} 8. O-O {[%emt 0:02:09]} Nbd7 {[%emt 0:00:21]} 9. Bd2 {[%emt 0:15:42]} Bg6 {[%emt 0:10:31]} 10. Be2 {[%emt 0:25:00]} Nd5 {[%emt 0:16:19]} 11. Qb3 {[%emt 0:06:04]} O-O {[%emt 0:07:37]} 12. Nxd5 {[%emt 0:09:26]} Bxd2 {[%emt 0:02:44]} 13. Nf4 {[%emt 0:03:04]} Ba5 {[%emt 0:04:26]} 14. Nxg6 {[%emt 0:05:34]} hxg6 {[%emt 0:00:08]} 15. Qxb7 {[%emt 0:00:40]} Rb8 {[%emt 0:07:20]} 16. Qxa7 {[%emt 0:12:24]} Rxb2 {[%emt 0:00:14]} 17. Bd3 {[%emt 0:00:46]} Rb3 {[%emt 0:18:36]} 18. Be4 {[%emt 0:01:49]} Nb8 {[%emt 0:05:56]} 19. Rab1 {[%emt 0:02:52]} Rb4 {[%emt 0:02:24]} 20. Rxb4 {[%emt 0:01:31]} Bxb4 {[%emt 0:00:02]} 21. Rb1 {[%emt 0:00:11]} Qd6 {[%emt 0:04:41]} 22. Qb6 {[%emt 0:01:24]} Bc3 {[%emt 0:00:28]} 23. Rb3 {[%emt 0:01:13]} f5 {[%emt 0:01:44]} 24. Bd3 {[%emt 0:00:38]} Nd7 {[%emt 0:00:14]} 25. Qa6 {[%emt 0:00:40]} Bb4 {[%emt 0:01:13]} 26. Qc4 {[%emt 0:00:21]} c5 {[%emt 0:02:09]} 27. Ng5 {[%emt 0:00:54]} Re8 {[%emt 0:01:51]} 28. Qa6 {[%emt 0:01:47]} Qxa6 {[%emt 0:01:54]} 29. Bxa6 {[%emt 0:00:02]} Nf8 {[%emt 0:01:02]} 30. Bc4 {[%emt 0:01:45]} Kh8 {[%emt 0:00:51]} 31. d5 {[%emt 0:00:30]} Nh7 {[%emt 0:02:26]} 32. Nf7+ {[%emt 0:00:29]} Kg8 {[%emt 0:00:05]} 33. dxe6 {[%emt 0:00:20]} Kf8 {[%emt 0:00:08]} 34. Ne5 {[%emt 0:00:16]} Ke7 {[%emt 0:00:24]} 35. Nxg6+ {[%emt 0:00:26]} Kf6 {[%emt 0:00:02]} 36. Nf4 {[%emt 0:02:14]} 1-0